Importance of Being India (Record no. 221048)
[ view plain ]
| 000 -LEADER | |
|---|---|
| fixed length control field | 00705nam a22002297a 4500 |
| 005 - DATE AND TIME OF LATEST TRANSACTION | |
| control field | 20220103151033.0 |
| 008 - FIXED-LENGTH DATA ELEMENTS--GENERAL INFORMATION | |
| fixed length control field | 220103b ||||| |||| 00| 0 eng d |
| 040 ## - CATALOGING SOURCE | |
| Transcribing agency | AL |
| 041 ## - LANGUAGE CODE | |
| Language code of text/sound track or separate title | eng |
| 082 ## - DEWEY DECIMAL CLASSIFICATION NUMBER | |
| Edition number | 23 |
| Classification number | 303.625 |
| Item number | HEAI |
| 100 ## - MAIN ENTRY--PERSONAL NAME | |
| Personal name | Heartland Eurasian Review of Geopolitics |
| 100 ## - MAIN ENTRY--PERSONAL NAME | |
| 9 (RLIN) | 12305 |
| 245 ## - TITLE STATEMENT | |
| Title | Importance of Being India |
| 260 ## - PUBLICATION, DISTRIBUTION, ETC. | |
| Place of publication, distribution, etc. | Singapore: |
| Name of publisher, distributor, etc. | Guppo Editoriale Espresso, |
| Date of publication, distribution, etc. | 2001. |
| 300 ## - PHYSICAL DESCRIPTION | |
| Extent | 124 p. |
| Other physical details | PB |
| Dimensions | 24x17 cm. |
| 365 ## - TRADE PRICE | |
| Price amount | 8.80 |
| Currency code | € |
| Unit of pricing | 8.80 |
| 650 ## - SUBJECT ADDED ENTRY--TOPICAL TERM | |
| Topical term or geographic name entry element | Terrorism |
| 9 (RLIN) | 12300 |
| 650 ## - SUBJECT ADDED ENTRY--TOPICAL TERM | |
| Topical term or geographic name entry element | India's War on Global Terrorism |
| 9 (RLIN) | 12301 |
| 650 ## - SUBJECT ADDED ENTRY--TOPICAL TERM | |
| Topical term or geographic name entry element | Indo Italian Kampilya Project |
| 9 (RLIN) | 12302 |
| 650 ## - SUBJECT ADDED ENTRY--TOPICAL TERM | |
| Topical term or geographic name entry element | Kashmir |
| 9 (RLIN) | 12303 |
| 700 ## - ADDED ENTRY--PERSONAL NAME | |
| Personal name | HEARTLAND A WORLD PARTNER OF LIMES |
| 9 (RLIN) | 12304 |
| 942 ## - ADDED ENTRY ELEMENTS (KOHA) | |
| Source of classification or shelving scheme | Dewey Decimal Classification |
| Koha item type | George Fernandes Collections |
| Withdrawn status | Lost status | Source of classification or shelving scheme | Damaged status | Not for loan | Collection code | Home library | Current library | Date acquired | Total Checkouts | Full call number | Barcode | Date last seen | Koha item type |
|---|---|---|---|---|---|---|---|---|---|---|---|---|---|
| Dewey Decimal Classification | Others | St Aloysius Library | St Aloysius Library | 01/24/2013 | 303.625 HEAI | GF00686 | 01/03/2022 | George Fernandes Collections |